000 00967nas a2200313 4500
001 BR2019001780
003 BR-BrBNA
005 20231205131955.0
007 ta
008 230509b bl.|||p| |||| 00| 00por d
040 _aBR-BrBNA
_bpor
_cBiblioteca Nacional de Agricultura
041 _a(Pt)
072 _aK10
100 1 _aSantos, H.K.V. dos
100 1 _aMendonça, A.V.R.
100 1 _aSilva, I.G. da
100 1 _aSilva, D.P. da
100 1 _aSouza, M.O. de
245 1 _aBiometria de frutos e sementes e germinação de Astrocasia jacobinensis
650 _aESSÊNCIA FLORESTAL
650 _aSEMENTE
650 _aGERMINAÇÃO
650 _aTEMPERATURA
650 _aBIOMETRIA
773 0 _tPesquisa Florestal Brasileira (Brazil)
_xISSN 1983-2605
_g(2019), v. 39 p. 1-10
_wBR2019001780
856 4 0 _uhttps://pfb.cnpf.embrapa.br/pfb/index.php/pfb/article/view/1570/836
909 _a202311
_bLúcia
_c55
_dLúcia Elande
942 _2AGRIS
_n0
_cANA
999 _c257767
_d257767